<?xml version="1.0" encoding="UTF-8"?>
<record
    xmlns:xsi="http://www.w3.org/2001/XMLSchema-instance"
    xsi:schemaLocation="http://www.loc.gov/MARC21/slim http://www.loc.gov/standards/marcxml/schema/MARC21slim.xsd"
    xmlns="http://www.loc.gov/MARC21/slim">

  <leader>00961nam a22002297a 4500</leader>
  <datafield tag="999" ind1=" " ind2=" ">
    <subfield code="c">20156</subfield>
    <subfield code="d">20156</subfield>
  </datafield>
  <controlfield tag="005">20180413110509.0</controlfield>
  <controlfield tag="008">180413e2017    ck |||||r|||| 00| 0 spa d</controlfield>
  <datafield tag="020" ind1=" " ind2=" ">
    <subfield code="a">9789585418196</subfield>
  </datafield>
  <datafield tag="040" ind1=" " ind2=" ">
    <subfield code="a">CO-BoIAVH </subfield>
    <subfield code="c">CO-BoIAVH </subfield>
  </datafield>
  <datafield tag="041" ind1=" " ind2=" ">
    <subfield code="a">spa</subfield>
  </datafield>
  <datafield tag="044" ind1=" " ind2=" ">
    <subfield code="a">ck</subfield>
  </datafield>
  <datafield tag="082" ind1=" " ind2=" ">
    <subfield code="a">551.483</subfield>
    <subfield code="b">C27p</subfield>
  </datafield>
  <datafield tag="100" ind1=" " ind2=" ">
    <subfield code="a">Castro, Luis Guillermo</subfield>
  </datafield>
  <datafield tag="245" ind1="1" ind2="0">
    <subfield code="a">Preguntas y respuestas sobre conflictos ambientales: </subfield>
    <subfield code="b">aprendizajes de r&#xED;o Orotoy</subfield>
  </datafield>
  <datafield tag="260" ind1=" " ind2=" ">
    <subfield code="a">Bogot&#xE1;:</subfield>
    <subfield code="b">Instituto de Investigaci&#xF3;n de Recursos Biol&#xF3;gicos Alexander von Humboldt, </subfield>
    <subfield code="b">Universidad de los Llanos,</subfield>
    <subfield code="b">Centro Internacional de Investigaciones para el desarrollo, IDRC.</subfield>
    <subfield code="c">2017.</subfield>
  </datafield>
  <datafield tag="300" ind1=" " ind2=" ">
    <subfield code="a">107 p&#xE1;ginas</subfield>
    <subfield code="b">ilustraciones a color, tablas, fotograf&#xED;as a color</subfield>
    <subfield code="c">16.5 x 23cm</subfield>
    <subfield code="e">CD-ROM</subfield>
  </datafield>
  <datafield tag="650" ind1="1" ind2="4">
    <subfield code="a">Conflictos ambientales</subfield>
    <subfield code="z">Meta (Colombia)</subfield>
  </datafield>
  <datafield tag="650" ind1="1" ind2="4">
    <subfield code="a">Sistemas socio ecol&#xF3;gicos</subfield>
    <subfield code="z">Meta (Colombia)</subfield>
  </datafield>
  <datafield tag="650" ind1="1" ind2="4">
    <subfield code="a">Gobernanza</subfield>
  </datafield>
  <datafield tag="650" ind1="1" ind2="4">
    <subfield code="a">Justicia ambiental</subfield>
  </datafield>
  <datafield tag="942" ind1=" " ind2=" ">
    <subfield code="2">ddc</subfield>
    <subfield code="c">LIBRO</subfield>
  </datafield>
  <datafield tag="952" ind1=" " ind2=" ">
    <subfield code="0">0</subfield>
    <subfield code="1">0</subfield>
    <subfield code="2">ddc</subfield>
    <subfield code="4">0</subfield>
    <subfield code="7">0</subfield>
    <subfield code="8">HUMBOLDT</subfield>
    <subfield code="a">Bogota</subfield>
    <subfield code="b">Bogota</subfield>
    <subfield code="d">2018-04-13</subfield>
    <subfield code="l">0</subfield>
    <subfield code="o">IAVH-551.483 C27p</subfield>
    <subfield code="p">043206</subfield>
    <subfield code="r">2018-04-13 00:00:00</subfield>
    <subfield code="t">Ej. 1</subfield>
    <subfield code="w">2018-04-13</subfield>
    <subfield code="x">Institucional</subfield>
    <subfield code="y">LIBRO</subfield>
    <subfield code="z">Incluye Cd-rom: cid 043205
</subfield>
  </datafield>
  <datafield tag="952" ind1=" " ind2=" ">
    <subfield code="0">0</subfield>
    <subfield code="1">0</subfield>
    <subfield code="2">ddc</subfield>
    <subfield code="4">0</subfield>
    <subfield code="7">0</subfield>
    <subfield code="8">HUMBOLDT</subfield>
    <subfield code="a">Bogota</subfield>
    <subfield code="b">Bogota</subfield>
    <subfield code="d">2018-04-13</subfield>
    <subfield code="l">0</subfield>
    <subfield code="o">IAVH-551.483 C27p</subfield>
    <subfield code="p">043202</subfield>
    <subfield code="r">2018-04-13 00:00:00</subfield>
    <subfield code="t">Ej. 2</subfield>
    <subfield code="w">2018-04-13</subfield>
    <subfield code="x">Institucional</subfield>
    <subfield code="y">LIBRO</subfield>
    <subfield code="z">Incluye Cd-rom: cid 043203
</subfield>
  </datafield>
  <datafield tag="952" ind1=" " ind2=" ">
    <subfield code="0">0</subfield>
    <subfield code="1">0</subfield>
    <subfield code="2">ddc</subfield>
    <subfield code="4">0</subfield>
    <subfield code="7">0</subfield>
    <subfield code="8">HUMBOLDT</subfield>
    <subfield code="a">Venado</subfield>
    <subfield code="b">Venado</subfield>
    <subfield code="d">2018-04-13</subfield>
    <subfield code="l">1</subfield>
    <subfield code="o">IAVH-551.483 C27p</subfield>
    <subfield code="p">043204</subfield>
    <subfield code="r">2018-05-04 00:00:00</subfield>
    <subfield code="s">2018-05-03</subfield>
    <subfield code="t">Ej. 3</subfield>
    <subfield code="w">2018-04-13</subfield>
    <subfield code="x">Institucional</subfield>
    <subfield code="y">LIBRO</subfield>
    <subfield code="z">Incluye Cd-rom: cid 042505
</subfield>
  </datafield>
  <datafield tag="952" ind1=" " ind2=" ">
    <subfield code="0">0</subfield>
    <subfield code="1">0</subfield>
    <subfield code="2">ddc</subfield>
    <subfield code="4">0</subfield>
    <subfield code="7">0</subfield>
    <subfield code="8">HUMBOLDT</subfield>
    <subfield code="a">Villa</subfield>
    <subfield code="b">Villa</subfield>
    <subfield code="d">2018-04-13</subfield>
    <subfield code="l">0</subfield>
    <subfield code="o">IAVH-551.483 C27p</subfield>
    <subfield code="p">042506</subfield>
    <subfield code="r">2018-04-13 00:00:00</subfield>
    <subfield code="t">Ej. 4</subfield>
    <subfield code="w">2018-04-13</subfield>
    <subfield code="x">Institucional</subfield>
    <subfield code="y">LIBRO</subfield>
    <subfield code="z">Incluye Cd-rom: cid 042507</subfield>
  </datafield>
</record>
